| 000 | 00572nam a2200241Ia 4500 | ||
|---|---|---|---|
| 008 | 210210b2012 xxu||||| |||| 00| 0 eng d | ||
| 020 | _a0198067720 | ||
| 041 | _aeng | ||
| 082 | _a328.3 SHAI | ||
| 100 | _aSHANKAR (B L) | ||
| 245 | _aIndian parliament: a democracy at work | ||
| 260 |
_aNew Delhi _bOxford University Press _c2012 |
||
| 300 | _axv,412 | ||
| 650 | _awork | ||
| 650 | _aparliament: | ||
| 650 | _aIndian | ||
| 650 | _ademocracy | ||
| 650 | _aat | ||
| 650 | _aa | ||
| 690 | _aLegislation | ||
| 700 | _aRODRIGUES (Valerian) | ||
| 906 | _a066629 | ||
| 999 |
_c149122 _d149122 |
||